000 01324nam a2200265Ia 4500
999 _c38096
_d38096
001 4084
003 GE_BSU
005 20190920123005.0
008 181216s1963||||ge |||||||||||||| ||geo||
040 _cGE_BSU
041 _ageo
080 _a39(479.28)+637.2(479.22)(091) მ-11
100 _aმოლოდინი, ლეილა.
_94181
245 _aქართველი ხალხის მატერიალური კულტურის ისტორიიდან :
_bხალხ. ზეთსახდელი იარაღები /
_cრედ: გ. ჩიტაია
264 _aთბ. :
_bსაქ. სსრ მეცნ. აკად. გამ-ბა,
_c1963.
300 _a121 გვ. :
_bილ. ;
_c26 სმ.
504 _aბიბლიოგრ. შენიშვნებში.
520 _aრეზ. რუს. ენ.
541 _h3 ლ.
653 _aქართველების ეთნოგრაფია
653 _aზეთსახდელი იარაღები
700 _aჩიტაია, გ.
_eრედაქტორი
_94182
710 _aსაქ. სსრ მეცნ. აკად.,
_bს. ჯანაშიას სახ. საქ. სახელმწ. მუზეუმი.
_94133
942 _cBK
_2udc